00400nam a2200145Ia 4500008004100000020001500041041001200056082001600068100001800084245007800102260004000180300000900220650000800229700001700237221030s9999 xx 000 0 und d a8178089939 aEnglish a105.23bspe aR. R. Spencer 0aIntroduction to Electronic Circuit Designcby R. R. Spencer, M. S. Ghausi bPearson EducationaNew Delhic2003 a1132 aECE aM. S. Ghausi